Biggest Cities in the United States Ranked 51-100 - Statistics

General Stats
  • This quiz has been taken 328 times
  • The average score is 31 of 50
Answers on the Map
Answers color-coded by a green-red scale on the quiz's map according to % correct below.
 
Answer Stats
Answer Population % Correct
Anchorage 282,958
96%
Honolulu 341,302
93%
New Orleans 388,424
91%
Boise 229,993
89%
Cleveland 376,599
89%
Orlando 290,520
89%
Buffalo 254,290
88%
Cincinnati 307,266
85%
Saint Paul 310,368
85%
Reno 266,761
84%
Pittsburgh 299,718
82%
Saint Louis 294,890
81%
Madison 263,332
80%
Newark 282,529
80%
Lincoln 293,446
79%
Richmond 232,866
75%
Toledo 268,609
74%
Corpus Christi 327,144
73%
Spokane 227,579
71%
Lexington 324,604
70%
Jersey City 258,523
67%
Saint Petersburg 267,121
66%
Durham 287,865
65%
Bakersfield 389,007
63%
North Las Vegas 265,224
63%
Fort Wayne 276,286
61%
Greensboro 301,094
59%
Aurora 388,723
58%
Lubbock 263,648
58%
Norfolk 241,056
56%
Henderson 341,531
55%
Riverside 334,772
55%
Anaheim 349,699
53%
Winston-Salem 250,765
53%
Laredo 265,761
51%
Scottsdale 265,249
49%
Stockton 314,835
45%
Plano 285,537
42%
Chula Vista 281,838
40%
Glendale 257,233
40%
Irvine 298,739
39%
Santa Ana 333,130
39%
Chandler 269,123
37%
Hialeah 230,135
32%
Irving 236,546
30%
Chesapeake 249,787
29%
Fremont 247,708
29%
Gilbert 262,514
29%
Garland 236,366
26%
Frisco 224,566
24%
No matching quizzes found
Score Distribution
Percent of People with Each Score
Percentile by Number Answered
Your Score History
You have not taken this quiz